| 000 | 00314 a2200133 4500 | ||
|---|---|---|---|
| 001 | 63720 | ||
| 082 | _a621.36721CHA | ||
| 090 |
_c37704 _d37704 |
||
| 100 | _aChanda,B | ||
| 245 | _aDigital image Processing and Analysis | ||
| 250 | _a1 | ||
| 260 |
_aND _bPrentice Hall of India _c2000 |
||
| 300 | _axvii,365p. | ||
| 942 |
_aNUST-CAE _k621.36721CHA |
||
| 999 |
_c298793 _d298793 |
||